| 000 | 00863nam a2200217Ii 4500 | ||
|---|---|---|---|
| 003 | JO-AjNU | ||
| 008 | 230605s9999||||xx |||||||||||||| ||und|| | ||
| 017 | _a1991/7/363 | ||
| 040 |
_aJO-AjNU _bara _erda _cJO-AjNU |
||
| 041 | _aara | ||
| 050 | 1 | 4 | _aD8109.94.Z3792 1991 |
| 100 | 3 |
_aتاليف الزرو، نواف, _eauthor _916470 |
|
| 245 | 0 | 0 | _aالقدس بين مخططات التهويد الصهيونية ومسيرة النضال والتصدي الفلسطينية |
| 250 | _aط1 | ||
| 264 | 3 | 1 | _aعمان: دار الخواجا للنشر والتوزيع، 1991 |
| 300 | _a157ص | ||
| 336 |
_atext _btxt _2rdacontent |
||
| 337 |
_aunmediated _bn _2rdamedia |
||
| 338 |
_avolume _bnc _2rdacarrier |
||
| 650 | 4 |
_aفلسطين-تاريخ، فلسطين- سياسة وحكومة، القدس -تاريخ، اسرائيل- سياسة عسكرية _916471 |
|
| 999 |
_aA4891 _c8459 _d8459 |
||